Memoria acerca de la primera exposición internacional de electricidad celebrada en Europa / escrita por Rafael Roig Torres
Descripción Física:
64 p. ; 25 cm
MARC
| LEADER | 00000nam a2200000Ia 4500 | ||
|---|---|---|---|
| 001 | 16097 | ||
| 008 | 160829s1885 xx 000 0 cat d | ||
| 080 | |a C-2-338 | ||
| 100 | |a Roig Torres, Rafael |9 46742 | ||
| 245 | |a Memoria acerca de la primera exposición internacional de electricidad celebrada en Europa / escrita por Rafael Roig Torres | ||
| 260 | |a Barcelona : |b Tip. Casa Provincial de Caridad, |c 1885 | ||
| 300 | |a 64 p. ; |c 25 cm | ||
| 590 | |a Prové de 1403, exp. 94 | ||
| 650 | |a Electricitat |x Congressos |9 46743 | ||
| 650 | |a Electricitat |x Aparells i instruments |9 35668 | ||
| 901 | |a Arxiu | ||
| 942 | |n 1 | ||
| 952 | |0 0 |1 0 |4 0 |6 C2338 |7 1 |9 53420 |a Arxiu |b Arxiu |d 2016-12-01 |l 0 |o C-2-338 |p 16097 |r 2016-12-01 00:00:00 |w 2016-12-01 |y ARXIU | ||
| 999 | |c 57286 |d 57286 | ||